| Tag |
First Indicator |
Second Indicator |
Subfields |
| LEADER |
00000cam a2200000 i 4500 |
| 001 |
in00004415212 |
| 005 |
20211120111431.0 |
| 006 |
m o d f |
| 007 |
cr ||||||||||| |
| 008 |
210129s2012 vauab ob f000 0 eng c |
| 035 |
|
|
|a (OCoLC)on1234423398
|
| 042 |
|
|
|a pcc
|
| 043 |
|
|
|a n-us-al
|
| 040 |
|
|
|a GPO
|b eng
|e rda
|e pn
|c GPO
|d MvI
|
| 049 |
|
|
|a WWW
|
| 074 |
|
|
|a 0621-K (online)
|
| 086 |
0 |
|
|a I 19.121:704
|
| 100 |
1 |
|
|a Richwine, Kathryn A.,
|e author.
|
| 245 |
1 |
0 |
|a Benthic foraminiferal census data from Mobile Bay, Alabama: counts of surface samples and box cores /
|c by Kathryn A. Richwine and Lisa E. Osterman.
|
| 264 |
|
1 |
|a [Reston, Va.] :
|b U.S. Department of the Interior, U.S. Geological Survey,
|c 2012.
|
| 300 |
|
|
|a 1 online resource :
|b illustrations, maps +
|e 6 supplemental files.
|
| 336 |
|
|
|a text
|b txt
|2 rdacontent
|
| 337 |
|
|
|a computer
|b c
|2 rdamedia
|
| 338 |
|
|
|a online resource
|b cr
|2 rdacarrier
|
| 490 |
1 |
|
|a U.S. Geological Survey data series ;
|v 704
|
| 500 |
|
|
|a "First posted: July 23, 2012."
|
| 500 |
|
|
|a Supplemental Excel file requires Microsoft Excel.
|
| 504 |
|
|
|a Includes bibliographical references.
|
| 588 |
|
|
|a Description based on online resource; title from HTML caption (USGS website, viewed January 29, 2021).
|
| 651 |
|
0 |
|a Mobile Bay (Ala.)
|
| 650 |
|
0 |
|a Foraminifera
|z Alabama
|z Mobile Bay.
|
| 650 |
|
0 |
|a Drill cores
|z Alabama
|z Mobile Bay.
|
| 650 |
|
0 |
|a Benthos
|z Alabama
|z Mobile Bay.
|
| 650 |
|
0 |
|a Marine sediments
|z Alabama
|z Mobile Bay.
|
| 700 |
1 |
|
|a Osterman, Lisa E.,
|e author.
|
| 710 |
2 |
|
|a Geological Survey (U.S.),
|e issuing body.
|
| 830 |
|
0 |
|a Data series (Geological Survey (U.S.)) ;
|v 704.
|
| 856 |
4 |
0 |
|u https://purl.fdlp.gov/GPO/gpo150816
|t 0
|
| 999 |
f |
f |
|s 4f9b7d17-cbf9-3edc-9973-36f1884e243b
|i be26b6d9-ce01-3a2a-93d9-39c5da2ea7aa
|t 0
|
| 952 |
f |
f |
|a Texas A&M University
|b College Station
|c Electronic Resources
|d Available Online
|t 0
|e I 19.121:704
|h Superintendent of Documents classification
|
| 998 |
f |
f |
|a I 19.121:704
|t 0
|l Available Online
|